Guía práctica para el cultivo de soja : campaña 1997

Guardado en:
Formato: Libro
Publicado: Buenos Aires : Inta, 1997
Materias:
Etiquetas: Agregar Etiqueta
Sin Etiquetas, Sea el primero en etiquetar este registro!
LEADER 00913nam a22002175a 4500
001 CEM.cems016714
005 20121107133218.0
008 130507s1997##################000#0#####d
003 CEMS
082 0 4 |a 633.1 
245 0 0 |a Guía práctica para el cultivo de soja :  |b campaña 1997 
260 |a Buenos Aires :  |b Inta,  |c 1997 
300 |a 243 p. 
500 |a Información actualizada y compaginada de la Biblioteca del Productor de Cambio Rural 
505 0 |a Guía práctica para el cultivo de soja segun regiones: Norte, Pampeana Norte, Pampeana Sur -- Necesidades hídricas y riego -- Cosecha, acondicionamiento y almacenaje -- Financiamiento y comercialización de la producción 
653 |a Soja 
653 |a Cultivo de soja 
653 |a Soja-cultivo 
653 |a Inta 
859 |a CEMS  |b BIB. CEMS - Agricultura  |h 633.1  |i Ar37-5  |p A0080.00  |t Ej.1 
859 |a CEMS  |b BIB. CEMS - Agricultura  |h 633.1  |i Ar37-5  |p A1632.12  |t Ej.2